Odgadnij państwo Europy po stolicy - Statystyki

Ogólne statystyki
  • Ten quiz został rozwiązany 1 340 razy
  • Średni wynik to 38 z 45
Statystyki odpowiedzi
Stolica Państwo % Poprawnych
Wiedeń Austria
95%
Paryż Francja
95%
Praga Czechy
94%
Madryt Hiszpania
94%
Andora Andora
93%
Ateny Grecja
93%
Mińsk Białoruś
92%
Berlin Niemcy
92%
Warszawa Polska
92%
Moskwa Rosja
92%
Bruksela Belgia
91%
Luksemburg Luksemburg
91%
Kopenhaga Dania
90%
Kijów Ukraina
90%
Amsterdam Holandia
89%
Monako Monako
89%
Oslo Norwegia
89%
Rzym Włochy
89%
Lizbona Portugalia
88%
San marino San marino
88%
Watykan Watykan
88%
Londyn Wielka Brytania
88%
Zagrzeb Chorwacja
87%
Wilno Litwa
87%
Helsinki Finlandia
86%
Dublin Irlandia
86%
Sztokholm Szwecja
84%
Tirana Albania
83%
Sofia Bułgaria
82%
Reykjavik Islandia
82%
Bratysława Słowacja
82%
Budapeszt Węgry
82%
Sarajewo Bośnia i Hercegowina
81%
Ryga Łotwa
80%
Tallinn Estonia
79%
Bukareszt Rumunia
78%
Berno Szwajcaria
74%
Lublana Słowenia
73%
Valetta Malta
70%
Vaduz Liechtenstein
69%
Skopje Macedonia
68%
Kiszyniów Mołdawia
68%
Podgorica Czarnogóra
67%
Belgrad Serbia
65%
Prisztina Kosowo
60%
Nie znaleziono quizów pasujących do podanych kryteriów
Rozkład punktacji
Procent ludzi z każdym wynikiem
Percentyl według liczby udzielonych odpowiedzi
Twoja historia wyników
Nie rozwiązałeś tego quizu